• 首页
  • 本馆介绍
  • 公告通知
  • 最新文献
  • 馆藏检索
  • 电子资源
  • 读者导购
  • 参考咨询
  • 我的图书馆
  • 登录
  • 期刊详细显示
  • 现刊情况显示
  • 合订本情况显示
  • 篇目信息显示

期刊信息

  • 表格格式
  • 工作单格式
  • 卡片格式
索取号 
I21/PZHH
题名 
攀枝花
作者 
四川省渡口市文联
分册号 
分册名 
出版地 
攀枝花(四川)
出版者 
该刊编辑部
标准刊号 
出版频率 
双月刊
中图法分类 
I2
主题词 
文学 作品集 中国
电子资源 
000 00956nas002200325 45
001 1196080384
005 20070328092917.07
011    @dCNY0.90(1990)
091    @aCN@b51-1113
100    @a19930617a19799999m y0chiy0121 eb
101 0  @achi
102    @aCN@b510000
110    @aagaz 0yu0
200 1  @a攀枝花@APAN ZHI HUA@f四川省渡口市文联@FSi Chuan Sheng Du Kou Shi Wen Lian
207  0 @a1979,no.1(1979)=[总17];1979,no.2(1979)~=总18~
210    @a攀枝花(四川)@b四川省攀枝花市炳草岗@c该刊编辑部@d1979~
215    @d26cm
304    @a曾由渡口市文联编辑出版
326    @a双月刊
430  1 @12001 @a攀枝花文艺
541 1  @aClimb branch flower@zeng
606 0  @a文学@x作品集@x中国
610 0  @a文学
676    @a895.1@v19
690    @aI2@v3
690    @aI21@v4
701  0 @a王英超@AWANG YING CHAO@4主编
701  0 @a四川省渡口市文联@ASi Chuan Sheng Du Kou Shi Wen Lian
801  0 @aCN@bPFT@c20070328
905    @a1@cQ@dI21@ePZHH
    
    攀枝花/四川省渡口市文联.-1979,no.1(1979)=[总17];1979,no.2(1979)~=总18~.-攀枝花(四川)(四川省攀枝花市炳草岗):该刊编辑部,1979~
    26cm
    继承:
    
    CNY0.90(1990)
    
●
相关链接: 在易读查询期刊 在中国知网中查询期刊 在万方数据查询期刊 在维普查询期刊
唐山师范学院图书馆 欢迎您!
大连网信软件有限公司© 版权所有